Online
Catalog

Veleidosa / (Record no. 6225)

MARC details
000 -CABECERA
campo de control de longitud fija 00821cam a2200253 a 4500
001 - NÚMERO DE CONTROL
campo de control 000006430
005 - FECHA Y HORA DE LA ÚLTIMA TRANSACCIÓN
campo de control 20200929153929.0
008 - DATOS DE LONGITUD FIJA--INFORMACIÓN GENERAL
campo de control de longitud fija 830516s1982 mx 000 0 spa
020 ## - NÚMERO INTERNACIONAL ESTÁNDAR DEL LIBRO
Número Internacional Estándar del Libro 9684342373
040 ## - FUENTE DE LA CATALOGACIÓN
Centro catalogador/agencia de origen DO-SdBNP
Centro/agencia transcriptor DLC
Centro/agencia modificador DLC
082 ## - NÚMERO DE LA CLASIFICACIÓN DECIMAL DEWEY
Número de clasificación M863.3
Número de documento/Ítem P419v
100 1# - ENTRADA PRINCIPAL--NOMBRE DE PERSONA
Nombre de persona Peón y Contreras, José,
Fechas asociadas al nombre 1843-1907.
9 (RLIN) 17852
245 10 - MENCIÓN DE TÍTULO
Título Veleidosa /
Mención de responsabilidad, etc. José Peón y Contreras.
260 ## - PUBLICACIÓN, DISTRIBUCIÓN, ETC.
Lugar de publicación, distribución, etc. México, D. F. :
Nombre del editor, distribuidor, etc. Premia,
Fecha de publicación, distribución, etc. 1982.
300 ## - DESCRIPCIÓN FÍSICA
Extensión 99 p. ;
Dimensiones 21 cm.
490 1# - MENCIÓN DE SERIE
Mención de serie La Matraca ;
Designación de volumen o secuencia no. 4
490 1# - MENCIÓN DE SERIE
Mención de serie Publicaciones y Bibliotecas Cultura Sep.
500 ## - NOTA GENERAL
Nota general "Del folletín a los cristeros..."
650 #4 - PUNTO DE ACCESO ADICIONAL DE MATERIA--TÉRMINO DE MATERIA
Término de materia o nombre geográfico como elemento de entrada Novela mexicana
9 (RLIN) 3959
650 #4 - PUNTO DE ACCESO ADICIONAL DE MATERIA--TÉRMINO DE MATERIA
Término de materia o nombre geográfico como elemento de entrada Literatura mexicana
9 (RLIN) 1922
830 #0 - PUNTO DE ACCESO ADICIONAL DE SERIE-TÍTULO UNIFORME
Título uniforme Publicaciones y Bibliotecas Cultura Sep.
9 (RLIN) 17853
830 #0 - PUNTO DE ACCESO ADICIONAL DE SERIE-TÍTULO UNIFORME
Nombre de parte o sección de la obra La Matraca ;
Designación de volumen o secuencia no. 4
9 (RLIN) 17675
910 ## - DATOS DE OPCIÓN DEL USUARIO (OCLC)
Datos de opción del usuario Catalogación por copia / LC
Holdings
Estado de retiro Estado de pérdida Restricciones de uso No para préstamo Código de colección Localización permanente Ubicación/localización actual Ubicación en estantería Fecha de adquisición Número de inventario Total de préstamos Signatura topográfica completa Código de barras Fecha visto por última vez Precio válido a partir de Tipo de ítem Koha
    Préstamo interno   Monografías: Libros y Folletos General General En catalogación 28.08.2009 LF1   M863.3 P419v 6430-10 25.06.2020 25.06.2020 Préstamo interno

Powered by Koha